000 00920nam a2200265Ia 4500
003 GCL
008 140319s9999 xx 000 0 ara d
040 _aGCL /
_cGCL
082 0 4 _a303.483
_bن ت
100 1 _aنبيل على
245 1 0 _aتحديات عصر المعلومات /
_cنبيل على
250 _aالاولى
260 _aالقاهرة :
_bدار العين للنشر ،
_c2003
300 _a274 ص ؛
_c24 سم
650 0 4 _aالتغير الاجتماعى
650 0 4 _aنظرية المعلومات
650 0 4 _aالتكنولوجيا والحضارة
650 0 4 _aالتكنولوجيا - خدمات المعلومات
650 0 4 _aالإنترنت
650 0 4 _aالحاسبات الالكترونية - لغات
650 0 4 _aالفجوة الرقمية
650 0 4 _aالتكنولوجيا - مزايا
650 0 4 _aالتكنولوجيا - مخاطر
942 _2ddc
_cBK
999 _c9772
_d9772